Name BFDI Characters In Elimination Order - Statistics

General Stats
  • This quiz has been taken 127 times
  • The average score is 19 of 24
Answer Stats
Answer % Correct
Flower
100%
Spongy
96%
Blocky
92%
Pin
89%
Woody
89%
Needle
83%
Pen
79%
Teardrop
79%
Blocky (again)
78%
Coiny
78%
Eraser
78%
Golf Ball
78%
Snowball
78%
Tennis Ball
74%
David
72%
Match
72%
Pencil
72%
Bubble
71%
Firey
71%
Leafy
71%
Rocky
71%
Flower (again)
69%
Ice Cube
69%
Spongy (again)
69%
No matching quizzes found
Score Distribution
Percent of People with Each Score
Percentile by Number Answered
Your Score History
You have not taken this quiz